[Event "40th Nezhmetdinov Memorial 2018"]
[Site "Kazan"]
[Date "2018.09.19"]
[Round "7"]
[White "Iljiushenok, Ilia"]
[Black "Korneev, Oleg"]
[Result "1/2-1/2"]
[WhiteElo "2532"]
[BlackElo "2547"]
[Annotator "TA"]
[PlyCount "83"]
[EventDate "2018.09.11"]
[EventType "swiss"]
[EventCountry "RUS"]
[SourceTitle "playchess.com"]
[Source "ChessBase"]
[SourceQuality "1"]

{[%evp 18,83,3,0,19,15,29,27,31,25,24,6,22,0,0,0,0,0,0,0,0,0,22,22,22,22,22,22,22,24,24,24,31,34,35,25,23,19,24,18,23,19,52,51,58,54,57,48,54,56,55,38,44,7,20,2,0,0,0,0,0,0,8,0,0,0,0,0]} 1. e4 e5 2. Nf3 Nc6 3. d4 exd4 4. Nxd4 Bc5 5. Be3 Qf6 6. c3 Nge7 7. Bc4 O-O 8. O-O b6 9. Nc2 {C45: Scotch Game} Ne5 {[%cal Bc6e5,Be5g6,Bg6h4][%mdl 32]} 10. Be2 {LiveBook: 7 Games} Bb7 11. f4 {[#] Hoping for Bxc5.} N5g6 ({Of course not} 11... Bxe4 $6 12. Bxc5 Qg6 13. Ne1 $18) 12. e5 Qe6 13. Bf3 $146 ({Predecessor:} 13. b4 Bxe3+ 14. Nxe3 Nh4 15. Bg4 f5 16. Be2 Kh8 {0-1 (34) Kasparov,G (2812)-Caruana,F (2795) Saint Louis 2016}) 13... Bxf3 14. Qxf3 {Threatening Bxc5.} Nh4 15. Qf2 (15. Qh5 {seems wilder.} Bxe3+ 16. Nxe3 Nhf5 17. Nxf5 Nxf5 18. Nd2) 15... Bxe3 $1 16. Nxe3 Nhf5 17. Na3 Nxe3 18. Qxe3 d6 19. Nb5 Qd7 20. exd6 Nf5 21. Qd3 Nxd6 22. Nxd6 Rfd8 23. Rad1 Qxd6 24. Qxd6 Rxd6 25. Rxd6 cxd6 $11 {[%mdl 4096] Endgame KR-KR} 26. Kf2 Kf8 27. Re1 Rc8 28. Re3 b5 29. Ke2 b4 30. Kd2 Rc4 31. g3 bxc3+ 32. Rxc3 Ra4 33. a3 Ke7 34. Rc7+ Ke6 35. Kc3 (35. f5+ $5 Kf6 36. Kc3 $11) 35... g6 {The position is equal.} 36. Kb3 Ra6 37. Kc4 d5+ 38. Kd4 Ra4+ 39. Ke3 h5 40. Kf3 Ra6 41. Rb7 Ra4 42. Rc7 {Precision: White = 69%, Black = 79%.} 1/2-1/2

[Event "40th Nezhmetdinov Memorial 2018"]
[Site "Kazan"]
[Date "2018.09.19"]
[Round "7"]
[White "Yudin, Sergei"]
[Black "Timofeev, Artyom"]
[Result "1/2-1/2"]
[WhiteElo "2525"]
[BlackElo "2588"]
[Annotator "TA"]
[PlyCount "74"]
[EventDate "2018.09.11"]
[EventType "swiss"]
[EventCountry "RUS"]
[SourceTitle "playchess.com"]
[Source "ChessBase"]
[SourceQuality "1"]

{[%evp 13,74,33,37,32,33,35,46,12,32,12,16,0,0,0,0,0,0,0,15,8,14,-12,-9,-11,14,13,13,11,13,14,6,7,22,22,13,21,20,19,16,17,29,8,11,11,20,0,0,0,0,0,0,0,0,0,0,0,0,0,0,0,0,0,0]} 1. e4 e6 2. d4 d5 3. Nd2 dxe4 4. Nxe4 Nd7 5. Nf3 Ngf6 6. Nxf6+ Nxf6 7. g3 Bd7 {LiveBook: 4 Games. C10: French with 3 Nc3: Unusual Black 3rd moves and 3...dxe4} (7... b6 8. Bb5+ Bd7 9. Be2 Bc6 10. O-O Bd6 11. Ne5 Bxe5 12. dxe5 Qd5 13. Qxd5 Nxd5 14. Rd1 O-O-O 15. Bg5 {1-0 (43) Svidler,P (2753)-Meier,G (2628) Jerusalem 2018}) 8. Bg2 Bc6 9. O-O Be7 $146 {White is slightly better.} ({Predecessor:} 9... Bd6 10. Re1 O-O 11. c4 a5 12. Qc2 Bb4 13. Re2 a4 14. a3 Bd6 15. Bd2 {1-0 (33) Mikoska,J (2234)-Sindelar,F (2001) ICCF email 2016}) 10. Qe2 O-O 11. Rd1 b5 12. Ne5 Bxg2 13. Kxg2 Qd5+ 14. Qf3 Bd6 15. c3 Rfc8 16. Bg5 Bxe5 17. Qxd5 (17. dxe5 {with more complications.} Qxe5 18. Bxf6 Qxf6 19. Qc6 Rab8 20. Rd7) 17... Nxd5 18. dxe5 f6 19. exf6 gxf6 20. Bd2 c5 21. a4 a6 22. Kf3 Kf7 23. Ra2 Nb6 24. axb5 axb5 25. Rxa8 Rxa8 $11 {[%mdl 4096] Endgame KRB-KRN} 26. Be3 Rc8 27. Ke2 Nd5 {The position is equal.} 28. Ra1 c4 29. Ra7+ Rc7 30. Ra8 Nxe3 31. Kxe3 {KR-KR} Rd7 32. Rb8 Rd5 33. f3 Re5+ 34. Kf2 Rd5 35. Ke3 Re5+ 36. Kf2 Rd5 37. Ke3 Re5+ {Precision: White = 56%, Black = 58%.} 1/2-1/2

[Event "40th Nezhmetdinov Memorial 2018"]
[Site "Kazan"]
[Date "2018.09.19"]
[Round "7"]
[White "Levin, Evgeny A"]
[Black "Rozum, Ivan"]
[Result "1/2-1/2"]
[WhiteElo "2516"]
[BlackElo "2576"]
[Annotator "TA"]
[PlyCount "37"]
[EventDate "2018.09.11"]
[EventType "swiss"]
[EventCountry "RUS"]
[SourceTitle "playchess.com"]
[Source "ChessBase"]
[SourceQuality "1"]

{[%evp 25,37,25,28,0,13,0,0,0,0,0,0,0,0,0]} 1. d4 Nf6 2. c4 e6 3. Nc3 Bb4 4. Qc2 O-O 5. a3 Bxc3+ 6. Qxc3 d5 7. Nf3 dxc4 8. Qxc4 b6 9. Bg5 {E36: Nimzo-Indian: Classical: 4...d5 5 a3} Ba6 10. Qa4 c5 (10... Qd7 11. Qc2 c5 12. Bxf6 gxf6 13. Rd1 Qe7 14. g3 Bb7 15. Bg2 Rd8 16. O-O Nd7 {½-½ (30) Mamedyarov,S (2808)-Caruana,F (2816) Paris 2018}) 11. dxc5 bxc5 12. Rd1 Qb6 13. Bxf6 gxf6 {LiveBook: 58 Games} 14. Rd2 Nc6 {The position is equal.} 15. Qg4+ Kh8 {[#] Threatens to win with ...Rfd8.} 16. Qh4 $146 Kg7 $1 {Hoping for ...Rfd8.} 17. Qg4+ Kh8 {Strongly threatening ...Rfd8.} 18. Qh4 Kg7 $1 {...Rfd8 is the strong threat.} 19. Qg4+ 1/2-1/2

[Event "40th Nezhmetdinov Memorial 2018"]
[Site "Kazan"]
[Date "2018.09.19"]
[Round "7"]
[White "Yankelevich, Lev"]
[Black "Lintchevski, Daniil"]
[Result "1/2-1/2"]
[WhiteElo "2431"]
[BlackElo "2519"]
[Annotator "TA"]
[PlyCount "24"]
[EventDate "2018.09.11"]
[EventType "swiss"]
[EventCountry "RUS"]
[SourceTitle "playchess.com"]
[Source "ChessBase"]
[SourceQuality "1"]

{[%evp 23,24,0,18]} 1. d4 Nf6 2. c4 e6 3. g3 Bb4+ 4. Bd2 Be7 5. Bg2 d5 6. Nf3 O-O 7. O-O Nbd7 8. Qc2 c6 9. Bf4 Nh5 10. Bc1 Nhf6 11. Bf4 $146 ({Predecessor:} 11. Rd1 b6 12. b3 Ba6 13. Nbd2 b5 14. c5 b4 15. Re1 Bb5 16. e4 Nxe4 17. Nxe4 dxe4 18. Qxe4 a5 19. Qc2 Nf6 20. a4 bxa3 21. Rxa3 {1-0 (55) Gelfand,B (2695)-Bologan,V (2610) Poikovsky 2018}) 11... Nh5 12. Bc1 Nhf6 {LiveBook: 2054 Games} 1/2-1/2

[Event "40th Nezhmetdinov Memorial 2018"]
[Site "Kazan"]
[Date "2018.09.19"]
[Round "7"]
[White "Faizrakhmanov, Ramil"]
[Black "Pridorozhni, Aleksei"]
[Result "1/2-1/2"]
[WhiteElo "2414"]
[BlackElo "2573"]
[Annotator "TA"]
[PlyCount "115"]
[EventDate "2018.09.11"]
[EventType "swiss"]
[EventCountry "RUS"]
[SourceTitle "playchess.com"]
[Source "ChessBase"]
[SourceQuality "1"]

{[%evp 22,115,50,50,62,0,69,58,67,58,68,52,54,55,70,56,59,50,53,58,71,64,53,39,44,42,44,15,15,15,15,10,17,5,12,9,12,6,14,0,0,-3,12,0,0,0,0,-11,-11,-20,-20,-14,-15,-20,0,-8,0,0,0,0,0,0,0,-7,0,-7,-8,-8,-8,-16,-8,-43,-43,-43,-43,-52,-52,-52,-52,-52,-52,-52,-52,-52,-52,-52,-52,-52,-8,-8,-8,-8,-4,-8,-8,-9]} 1. d4 d6 2. Nf3 Bg4 3. c4 c6 4. Nc3 Nd7 5. g3 e5 6. Bg2 Ngf6 7. O-O Be7 8. h3 Bh5 9. Nh4 O-O 10. Nf5 Re8 {A53: Altindisch} 11. Nxe7+ Qxe7 12. b3 {LiveBook: 5 Partien} (12. Be3 h6 13. Qb3 Nf8 14. Rfd1 e4 15. Qa3 a6 16. d5 c5 17. b4 b6 18. Rab1 {1-0 (47) Yuffa,D (2570)-Dimakiling,O (2401) Abu Dhabi 2018}) 12... e4 {Weiß steht etwas besser.} 13. d5 $146 (13. Bf4 $14) ({Vorgänger:} 13. g4 Bg6 14. f4 exf3 15. exf3 h6 16. Bf4 d5 17. cxd5 Nxd5 18. Nxd5 cxd5 {½-½ (29) Pecorelli Garcia,H (2430)-Galego,L (2445) Cienfuegos 1996}) 13... c5 ({Besser ist} 13... cxd5 $11 14. Bf4 dxc4) 14. Be3 h6 15. Qd2 a6 16. a4 Bg6 17. a5 Ne5 18. Na4 Nfd7 19. Rfc1 Rac8 20. b4 cxb4 21. Qxb4 Rc7 22. c5 dxc5 23. Nxc5 Nf6 24. Rd1 Rd8 25. Nxa6 $1 Rxd5 26. Qxe7 Rxe7 27. Nc5 Rxd1+ $1 28. Rxd1 {[#] Und Td8+ würde nun gewinnen.} Nc4 $1 29. Rb1 Nxa5 30. Bf4 Nd5 31. Rb5 b6 32. Na4 Nxf4 33. gxf4 {f5 ist eine echte Drohung.} Nc4 34. Rb4 Rc7 35. Nxb6 Nxb6 36. Rxb6 $11 {[%mdl 4096] Endspiel KTL-KTL} Rc1+ 37. Bf1 Bh5 38. Rb2 (38. Kg2 {is more complex.} f5 39. Rb8+ Kf7 40. Rb7+ Kg8 41. Rb8+) 38... Re1 39. Kg2 Kh7 40. f5 g5 41. fxg6+ $1 Kxg6 42. Rd2 f5 43. f3 exf3+ 44. exf3 {[#]} Bxf3+ $1 {[%mdl 512]} 45. Kf2 (45. Kxf3 Rxf1+) 45... Ra1 46. Rd6+ Kg5 47. Kxf3 {Schwarz muss nun Ld3 beachten.} Rxf1+ $15 {KT-KT} 48. Kg3 Rg1+ 49. Kh2 Ra1 50. h4+ $1 Kxh4 {Droht stark ...Ta2+.} 51. Rxh6+ Kg4 52. Rg6+ Kf3 53. Rg3+ Ke4 54. Kg2 Re1 55. Kf2 {Die Stellung ist ausgeglichen.} Rh1 56. Re3+ Kd4 {( -> ...Th2+)} 57. Re8 Rh3 58. Re7 {Precision: Weiß = 54%, Schwarz = 64%.} 1/2-1/2

[Event "40th Nezhmetdinov Memorial 2018"]
[Site "Kazan"]
[Date "2018.09.20"]
[Round "8"]
[White "Kokarev, Dmitry"]
[Black "Yudin, Sergei"]
[Result "1/2-1/2"]
[WhiteElo "2595"]
[BlackElo "2525"]
[Annotator "TA"]
[PlyCount "81"]
[EventDate "2018.09.11"]
[EventType "swiss"]
[EventCountry "RUS"]
[SourceTitle "playchess.com"]
[Source "ChessBase"]
[SourceQuality "1"]

{[%evp 13,81,41,29,0,10,0,16,0,14,0,30,12,26,2,10,0,0,-4,0,0,21,25,39,34,42,10,11,12,15,10,18,0,0,-5,-5,-5,-8,-8,-4,-6,-7,-10,-4,-37,0,-17,-10,-16,13,13,13,13,13,13,13,13,13,13,13,7,7,7,7,7,7,7,8,7,7,7]} 1. e4 e5 2. Nf3 Nc6 3. Bb5 a6 4. Ba4 g6 5. d4 b5 6. Bb3 {C70: Ruy Lopez: 3...a6 4 Ba4, Norwegian and Delayed Schliemann} exd4 7. Nxd4 Na5 {LiveBook: 8 Games} 8. Nf3 $146 {[#] Strongly threatening Qd5.White has an edge.} (8. a4 {looks sharper.} b4 9. Bd5 c6 10. Ba2 Bg7 11. Nf3) ({Predecessor:} 8. O-O Bg7 9. Re1 Ne7 10. e5 O-O 11. Bg5 c5 12. Bd5 Rb8 13. Nb3 Nxb3 14. axb3 {0-1 (31) Kramnik,V (2792)-Mamedyarov,S (2808) Paris 2018}) 8... Nxb3 9. axb3 {Black must now prevent Qd5.} Bg7 10. c4 Ne7 11. O-O Bb7 12. Nc3 O-O 13. Re1 d6 14. cxb5 (14. Bf4 {is interesting.} b4 15. Nd5 Bxb2 16. Ra2 Nxd5 17. exd5 Bg7 18. Rae2) 14... axb5 15. Rxa8 Bxa8 16. Nxb5 Qd7 17. Nc3 Re8 18. b4 Bb7 19. b5 Bxc3 20. bxc3 {aiming for c4.} Qxb5 21. h3 Qc4 22. Re3 Ra8 23. Nd2 Qa4 24. Qxa4 Rxa4 25. c4 f5 26. e5 dxe5 27. Rxe5 Kf7 28. f3 Ra1 29. Nb3 {The position is equal.} Rb1 30. Re3 $1 Nd5 31. cxd5 Bxd5 32. Rc3 Bxb3 33. Rxc7+ $11 {[%mdl 4096] Endgame KRB-KRB} Ke6 34. Kh2 Bd5 35. Bg5 Rb7 36. Rxb7 (36. Rc1 {is more complex.} Bb3 37. Kg3 Ba4 38. Be3 Kf7 39. Kf4) 36... Bxb7 37. Kg3 Ba6 38. h4 h5 39. Kf4 Kf7 40. Ke5 Bf1 41. g3 {Precision: White = 49%, Black = 63%.} 1/2-1/2

[Event "40th Nezhmetdinov Memorial 2018"]
[Site "Kazan"]
[Date "2018.09.20"]
[Round "8"]
[White "Timofeev, Artyom"]
[Black "Kabanov, Nikolai"]
[Result "1/2-1/2"]
[WhiteElo "2588"]
[BlackElo "2484"]
[Annotator "TA"]
[PlyCount "80"]
[EventDate "2018.09.11"]
[EventType "swiss"]
[EventCountry "RUS"]
[SourceTitle "playchess.com"]
[Source "ChessBase"]
[SourceQuality "1"]

{[%evp 20,80,0,0,0,0,0,-10,35,29,32,0,12,0,0,0,8,-7,18,14,14,0,20,0,0,0,5,0,0,0,0,0,0,0,0,0,0,0,0,0,72,0,187,172,172,0,144,0,0,0,0,-31,-31,-158,-37,-37,-35,-29,0,0,0,-38,0]} 1. e4 e5 2. Nf3 Nc6 3. Bb5 Nf6 4. d3 Bc5 5. O-O Nd4 6. Nxd4 Bxd4 7. c3 {C65: Ruy Lopez: Berlin Defence (3...Nf6), unusual lines and 4 0-0 Bc5} Bb6 8. Nd2 (8. Na3 c6 9. Ba4 d6 10. Nc4 Bc7 11. Bb3 h6 12. Ne3 d5 13. exd5 cxd5 14. d4 e4 {1-0 (35) Anand,V (2768)-Nakamura,H (2777) Saint Louis 2018}) 8... c6 9. Ba4 O-O 10. Nf3 d6 11. h3 {LiveBook: 15 Games} Re8 12. Re1 h6 13. Bc2 Nh5 14. d4 Qf6 15. Be3 $146 Nf4 16. Bxf4 Qxf4 17. Qd3 g6 18. Rad1 Qf6 19. b4 Re7 20. Bb3 Kg7 21. a4 a5 22. b5 Bd7 23. dxe5 dxe5 24. Qxd7 $1 Rxd7 25. Rxd7 Rf8 26. Red1 Rd8 27. Rxd8 Bxd8 28. Rd7 {Black must now prevent bxc6.} cxb5 29. axb5 Kh8 (29... b6 $11) 30. Rxb7 ({White should try} 30. Rxf7 $16 Qd6 31. Bd5 (31. Rxb7 Bb6 $11)) 30... Qd6 $2 (30... Be7 $11 {and Black has nothing to worry.}) 31. Rxf7 $18 ({Not} 31. Bxf7 Qc5 $11) 31... Bb6 {[#]} 32. Nh4 $2 (32. Bd5 $1 $18) 32... a4 {[#]} (32... Bd8 $1 $11 33. Nf3 a4 34. Bxa4 Bb6) 33. Bxa4 ({Only move:} 33. Bd5 $1 $16) 33... Qe6 $11 34. Rb7 Bc5 {Strongly threatening ...Qa2.} 35. Bc2 Qa2 36. Nxg6+ Kg8 37. Rc7 (37. Nxe5 Bd6 $17) 37... Bb6 {[%mdl 1024] Black has compensation.} 38. Rb7 $1 {[%cal Rb7b6]} Bc5 (38... Bxf2+ $5 39. Kxf2 Qxc2+ 40. Kg1 Qxe4 41. Ne7+ Kf7 42. Nc8+ Kg6 43. Ne7+ Kg5 $15) 39. Rc7 ({Much weaker is} 39. Nxe5 Bd6 $17) 39... Bb6 40. Rb7 $1 {[%cal Rb7b6]} Bc5 {Precision: White = 61%, Black = 63%.} (40... Bxf2+ $5 41. Kxf2 Qxc2+ 42. Kg1 Qxe4 43. Ne7+ Kg7 44. Nc6+ Kf6 $15) 1/2-1/2

[Event "40th Nezhmetdinov Memorial 2018"]
[Site "Kazan"]
[Date "2018.09.20"]
[Round "8"]
[White "Pridorozhni, Aleksei"]
[Black "Chigaev, Maksim"]
[Result "0-1"]
[WhiteElo "2573"]
[BlackElo "2593"]
[Annotator "TA"]
[PlyCount "100"]
[EventDate "2018.09.11"]
[EventType "swiss"]
[EventCountry "RUS"]
[SourceTitle "playchess.com"]
[Source "ChessBase"]
[SourceQuality "1"]

{[%evp 11,100,27,41,24,13,18,21,11,20,14,25,14,27,27,13,24,43,4,8,7,2,0,1,13,0,0,0,-31,-24,-41,-38,-32,-38,-24,-33,-53,-8,-8,-8,-8,-8,-19,-8,-8,-8,-8,-8,-8,-8,-12,-15,-29970,-8,-8,0,0,0,-8,-8,-8,0,0,0,0,-8,-12,-19,-12,-16,-75,-59,-374,-374,-374,-374,-29966,-29968,-29971,-29972,-29969,-29973,-29973,-29974,-29973,-29975,-29975,-29976,-29976,-29977,-29976,-29976]} 1. e4 c5 2. Nf3 e6 3. d4 cxd4 4. Nxd4 Nc6 5. Nc3 Qc7 6. Be3 a6 7. Qf3 {B48: Sicilian: Taimanov: 5 Nc3 Qc7 6 Be3 a6 without Be2} Bd6 (7... Nf6 8. O-O-O Ne5 9. Qg3 b5 10. a3 Bb7 11. Bxb5 Rc8 12. Ba4 Nxe4 13. Nxe4 Bxe4 14. Bf4 Qc4 15. Bxe5 Qxa4 {1-0 (38) Vachier Lagrave,M (2789)-Anand,V (2776) Karlsruhe/Baden-Baden 2018}) 8. O-O-O {And now Ndb5! would win.} Be5 $1 9. g3 {The position is equal.} Nge7 10. Qe2 b5 11. f4 {Threatens to win with Nxc6.} Bxd4 12. Bxd4 Nxd4 13. Rxd4 Rb8 14. e5 Bb7 15. Bg2 $146 Bxg2 16. Qxg2 b4 17. Ne4 {Strongly threatening Rhd1.} O-O 18. Rhd1 Nd5 19. Rxd5 exd5 20. Nd6 a5 21. Qxd5 a4 22. Kb1 Qc6 23. f5 b3 (23... Rb6 {feels hotter.} 24. h4 Qxd5 25. Rxd5 Rc6 26. b3 axb3 27. axb3 Rc3) 24. Qxc6 $1 dxc6 25. cxb3 axb3 $11 {[%mdl 4096] Endgame Threatening ...Rfd8. KRR-KRN} 26. e6 $1 {[%cal Re6e7]} fxe6 27. fxe6 {Black must now prevent e7.} Rfd8 {...bxa2+ is the strong threat.} 28. e7 Rd7 $1 {[%cal Rd7e7]} 29. Re1 Rxd6 30. e8=R+ Rxe8 31. Rxe8+ {KR-KR} Kf7 {[%cal Rd6d1]} 32. Re1 bxa2+ 33. Kxa2 Rd2 34. Rc1 Rxh2 {With the idea ...Rg2.} 35. Rxc6 h5 36. Kb1 Rh3 37. Rc3 g5 {[%cal Bg7g5,Bg5g4,Bg4g3,Bg3g2][%mdl 32]} 38. b4 h4 39. Rc7+ Kg6 40. gxh4 Rxh4 41. Rb7 $2 {[%mdl 8192]} (41. Rc6+ $15 Kh5 42. Rb6) 41... g4 $19 42. Rb8 {[#]} Rh7 $1 {Hoping for ...g3.} 43. Kc2 $2 (43. Rf8 $19 Rb7 44. Kc2) 43... g3 {Black mates.} 44. Rg8+ Rg7 45. Re8 g2 46. Re1 Kf5 47. Rg1 {[#]} Rg3 $1 48. b5 Kg4 49. b6 Kh3 50. b7 Rg8 {Precision: White = 63%, Black = 92%.} 0-1

[Event "40th Nezhmetdinov Memorial 2018"]
[Site "Kazan"]
[Date "2018.09.20"]
[Round "8"]
[White "Korneev, Oleg"]
[Black "Artemiev, Vladislav"]
[Result "1/2-1/2"]
[WhiteElo "2547"]
[BlackElo "2703"]
[Annotator "TA"]
[PlyCount "80"]
[EventDate "2018.09.11"]
[EventType "swiss"]
[EventCountry "RUS"]
[SourceTitle "playchess.com"]
[Source "ChessBase"]
[SourceQuality "1"]

{[%evp 28,80,5,0,19,0,0,-6,1,0,0,0,0,0,0,0,0,0,0,0,0,0,0,0,0,0,0,-20,-20,-20,-20,-44,-24,-26,-6,-20,44,-20,-20,-20,-20,-20,-20,-20,-20,-20,17,18,20,20,16,13,35,13,13]} 1. e4 c5 2. Nf3 d6 3. d4 cxd4 4. Nxd4 Nf6 5. Nc3 a6 6. Be3 Ng4 7. Bc1 Nc6 8. Be2 Nf6 9. Be3 e6 10. f4 Bd7 11. O-O Be7 12. Kh1 O-O 13. a4 Rc8 14. Nb3 Nb4 15. a5 {LiveBook: 8 Partien} e5 {B85: Sizilianisch (Scheveninger System)} (15... Bc6 16. Bb6 Qd7 17. Bf3 e5 18. Rf2 Bd8 19. fxe5 Bxb6 20. Rd2 Be3 21. Rxd6 Qe7 22. exf6 gxf6 23. Bg4 {0-1 (54) Sukandar,I (2418)-Van Wely,L (2657) Vlissingen 2016}) 16. Qd2 Be6 17. Bf3 exf4 18. Bxf4 d5 19. Nd4 $146 ({Vorgänger:} 19. exd5 Nfxd5 20. Nxd5 Bxd5 21. Bxd5 Rxc2 22. Bxf7+ Rxf7 23. Qxd8+ Bxd8 {½-½ (66) Tokhirjonova,G (2328)-Saduakassova,D (2423) Bhubaneswar 2016}) 19... dxe4 20. Nxe4 Nxc2 $1 21. Nxc2 Qxd2 22. Bxd2 {[#] Und Sd4 würde nun gewinnen.} Rxc2 23. Bc3 $1 Bc4 24. Nxf6+ Bxf6 25. Rfc1 Rxc1+ 26. Rxc1 {Lxf6 ist eine echte Drohung.} Bg5 {[#]} 27. Bd2 $1 {[%mdl 512]} Bxd2 28. Rxc4 $11 {[%mdl 4096] Endspiel KTL-KTL} Re8 {[%cal Re8e1]} 29. Kg1 g6 30. Bxb7 Re5 31. b4 Re1+ 32. Kf2 Rb1 $1 33. Bxa6 Bxb4 34. Rc8+ Kg7 35. Bd3 Rb2+ 36. Rc2 Rb3 37. Bc4 Ra3 38. a6 f5 39. Ra2 Bc5+ 40. Kf1 Rxa2 {Precision: Weiß = 58%, Schwarz = 80%.} 1/2-1/2

[Event "40th Nezhmetdinov Memorial 2018"]
[Site "Kazan"]
[Date "2018.09.20"]
[Round "8"]
[White "Volkov, Sergey"]
[Black "Iljiushenok, Ilia"]
[Result "1/2-1/2"]
[WhiteElo "2547"]
[BlackElo "2532"]
[Annotator "TA"]
[PlyCount "96"]
[EventDate "2018.09.11"]
[EventType "swiss"]
[EventCountry "RUS"]
[SourceTitle "playchess.com"]
[Source "ChessBase"]
[SourceQuality "1"]

{[%evp 14,96,25,20,16,18,17,13,34,10,10,10,10,7,12,10,10,12,10,11,13,15,6,11,10,13,20,14,33,20,26,17,22,10,14,14,20,4,14,20,20,0,0,0,0,0,0,0,0,0,0,0,0,0,0,0,0,0,0,0,8,8,8,8,8,0,0,0,9,-8,-7,-16,-8,-16,-18,-30,0,-8,0,0,0,-8,0,0,0]} 1. d4 Nf6 2. c4 g6 3. Nc3 d5 4. Nf3 Bg7 5. Qb3 dxc4 6. Qxc4 Be6 7. Qd3 {D96: Grünfeld: Russian System (5 Qb3): sidelines} c5 8. e4 {LiveBook: 3 Games} cxd4 9. Nxd4 Bd7 10. Be2 Nc6 11. Nxc6 Bxc6 12. Qxd8+ Rxd8 13. f3 O-O 14. Be3 a6 {[#]} 15. Kf2 $146 Ne8 16. Rhd1 Nc7 17. Bb6 Rxd1 18. Rxd1 Rc8 19. Rd2 e6 20. g3 Na8 21. Be3 Nc7 22. g4 Kf8 23. h4 Ke8 24. h5 Rd8 25. Rc2 Bd4 26. Bxd4 Rxd4 27. Ke3 e5 28. f4 f6 29. hxg6 hxg6 30. f5 gxf5 31. gxf5 Nb5 {aiming for ...Nxc3.} 32. Bd3 Nd6 33. Rh2 b5 34. Rh8+ Ke7 35. Rh7+ Kd8 36. b3 b4 37. Ne2 Rxd3+ $1 38. Kxd3 Bxe4+ $11 {[%mdl 4096] Endgame KRN-KBN} 39. Kd2 {[#] Ng3 is the strong threat.} Bxf5 40. Ra7 Bc8 {With the idea ...Bb7.} 41. Ng3 f5 {[%cal Bf6f5,Bf5f4][%mdl 32] next ...f4 is good for Black.} 42. Rg7 f4 43. Nh5 Ne4+ 44. Ke2 Be6 45. Kf3 {The position is equal.} Nd2+ 46. Kf2 Ne4+ 47. Kf3 Nd2+ 48. Kf2 Ne4+ {Precision: White = 72%, Black = 72%.} 1/2-1/2

[Event "40th Nezhmetdinov Memorial 2018"]
[Site "Kazan"]
[Date "2018.09.20"]
[Round "8"]
[White "Lintchevski, Daniil"]
[Black "Baghdasaryan, Vahe"]
[Result "1-0"]
[WhiteElo "2519"]
[BlackElo "2404"]
[Annotator "TA"]
[PlyCount "105"]
[EventDate "2018.09.11"]
[EventType "swiss"]
[EventCountry "RUS"]
[SourceTitle "playchess.com"]
[Source "ChessBase"]
[SourceQuality "1"]

{[%evp 11,105,21,24,25,28,29,41,45,79,79,79,69,77,70,70,67,76,69,70,67,81,85,85,75,80,39,83,77,80,80,229,232,260,253,305,307,307,308,391,65,377,376,347,151,157,161,154,157,330,333,323,317,286,306,381,358,352,369,389,382,380,356,476,447,527,529,525,497,510,482,474,467,437,368,440,429,541,536,1250,857,4718,4393,4718,4718,4714,4710,29963,29963,29967,29971,29971,29973,29973,29974,29974,29974]} 1. Nf3 d5 2. g3 Nc6 3. d4 Bf5 4. Bg2 Nb4 5. Na3 e6 6. O-O Nf6 7. c3 {D02: 1 d4 d5 2 Nf3 sidelines, including 2...Nf6 3 g3 and 2...Nf6 3 Bf4} Nc6 8. Qb3 (8. Nh4 Be4 9. f3 Bg6 10. Nxg6 hxg6 11. e4 Bxa3 12. bxa3 Qd7 13. Rb1 Na5 {1-0 (43) Pantsulaia,L (2612)-Kuzubov,Y (2699) Riadh 2017}) 8... a6 9. Nh4 {White is slightly better.} Bg6 $146 ({Predecessor:} 9... Bg4 10. f3 Bh5 11. e4 Be7 12. g4 Bg6 13. g5 Ng8 14. exd5 exd5 {1-0 (29) Rozum,I (2590)-Baghdasaryan,V (2440) Yerevan 2017}) 10. Nxg6 hxg6 {[#]} 11. Nc4 $1 {[%mdl 512]} Rb8 (11... dxc4 12. Qxb7) 12. Nd2 Bd6 13. e4 dxe4 14. Nxe4 Nxe4 15. Bxe4 Ne7 16. Bg5 (16. Bxb7 $2 c6 $19) 16... c6 17. Rae1 {Bxg6 is the strong threat.} Qa5 18. Bxe7 Qh5 {[%csl Gh8][%cal Rh5h2]} 19. Bh4 g5 20. Bf5 {Strongly threatening Rxe6+!} Rh6 (20... Kf8 $16 21. Bxe6 gxh4) 21. f4 $1 $18 {[%cal Rf4g5]} (21. Bxe6 fxe6 22. Rxe6+ Kd7 $15) 21... gxf4 22. Bxe6 $1 fxe6 23. Rxe6+ Kd7 {[#]} 24. Rfe1 $1 {Threatening mate with Re7+!} (24. Rxh6 gxh6 25. c4 b6 $16) 24... Rxe6 25. Qxe6+ Kc7 26. Be7 Bxe7 {[#]} 27. Qxe7+ {[%mdl 4096] Endgame KQR-KQR} (27. g4 $1 $18 {is the precise move to win.} Qb5 28. Re5 (28. Qxe7+ Kb6 $18)) 27... Kb6 $16 28. Qe5 ({Don't take} 28. Qxg7 $6 fxg3 29. Qxg3 Rh8 $14) ({Stronger than} 28. gxf4 Qg4+ 29. Kh1 (29. Kf2 Qxf4+ 30. Kg2 Qg4+ 31. Kh1 Qf3+ 32. Kg1 Qg4+ 33. Kf2 Qf4+ 34. Ke2 Rh8 $11) 29... Qf3+ 30. Kg1 Qg4+ 31. Kh1 (31. Kf2 Qxf4+ 32. Ke2 Rh8 $11) 31... Qf3+ 32. Kg1 Qg4+ $11) 28... Qxe5 29. Rxe5 $18 {KR-KR} Rf8 $2 (29... fxg3 $16 30. hxg3 Rf8) 30. g4 g6 31. Kg2 f3+ 32. Kf2 Rh8 33. Kxf3 Rxh2 34. Re2 Rh1 35. Kf4 Rg1 36. Kg5 a5 37. a4 Kc7 38. Re7+ Kc8 39. Re5 b6 40. Re4 Rb1 41. Re2 Rg1 42. Rd2 Kc7 43. d5 cxd5 44. Rxd5 Ra1 45. Kxg6 Rxa4 46. g5 Ra2 47. Rb5 Kc6 48. c4 Ra4 49. b3 {White mates.} Ra3 50. Kf6 a4 51. bxa4 Rxa4 52. g6 Rxc4 53. Rf5 {Precision: White = 80%, Black = 44%.} 1-0